Normal view
MARC view
Entry Personal Name
001 - CONTROL NUMBER
- control field: 8550
003 - CONTROL NUMBER IDENTIFIER
- control field: ARRUPE
005 - DATE AND TIME OF LATEST TRANSACTION
- control field: 20140207141004.0
008 - FIXED-LENGTH DATA ELEMENTS
- fixed length control field: 140207|| aca||aabn | a|a d
040 ## - CATALOGING SOURCE
- Original cataloging agency: ARRUPE
- Transcribing agency: ARRUPE
100 ## - HEADING--PERSONAL NAME
- Personal name: Berners, Gerald Hugh Tyrwhitt-Wilson,
- Titles and other words associated with a name: Baron,
- Dates associated with a name: 1883-1950.
670 ## - SOURCE DATA FOUND
- Source citation: Work cat.: (ARRUPE)0: Berners, Gerald Hugh Tyrwhitt-Wilson, Baron, 1883-1950. 8549, A distant prospect,, [1945]